Estatutos, Reglamentos y Constituciones Argentinas

Gardado en:
Detalles Bibliográficos
Formato: Libro
Idioma:Lingua castelá
Publicado: Buenos Aires Fondo Jurídico 1962
Subjects:
Tags: Engadir etiqueta
Sen Etiquetas, Sexa o primeiro en etiquetar este rexistro!

MARC

LEADER 00000nam a2200000 a 4500
001 UCP2899
003 CL-VaPUC
008 990604e19620000AG |||||||||||||||||spa|d
082 0 4 |a 342.82  |b EST  |2 21 
245 1 0 |a Estatutos, Reglamentos y Constituciones Argentinas 
300 |a 260 p 
942 |c BK 
945 |d 19990604 00:00:00  |a rbrito 
260 |a Buenos Aires  |b Fondo Jurídico  |c 1962 
650 7 |a LEGISLACION ARGENTINA  |2 CL-VaPUC  |9 429882 
650 7 |a CONSTITUCION ARGENTINA  |2 CL-VaPUC  |9 429883 
650 0 |a Derecho constitucional   |9 222588 
650 0 |a Reforma constitucional  |9 332804 
650 7 |a ESTATUTOS  |2 CL-VaPUC  |9 259253 
650 7 |a REGLAMENTOS  |2 CL-VaPUC  |9 259254 
651 0 |a Argentina  |9 254888 
583 |a last modification  |c 19990604 00:00:00  |k Rodrigo Vera 
999 |c 281364  |d 281362 
952 |0 0  |1 0  |4 0  |6 342_820000000000000_EST_1962  |7 0  |8 A  |9 322077  |a BIBDER  |b BIBDER  |d 2019-11-20  |i 3498336  |o 342.82 EST 1962  |p 3498336  |r 2023-01-25  |w 2019-11-20  |y BK  |k DER